| 000 | 00504nam a22001577a 4500 | ||
|---|---|---|---|
| 999 |
_c534737 _d534737 |
||
| 020 | _qHard Cover. | ||
| 082 | _a621.3 | ||
| 100 | _aHusnain Sadiq. | ||
| 245 |
_a Impact of PV penetration on MV feeder of NUST / _cHusnain Sadiq. |
||
| 260 |
_aIslamabad : _bUSCAS-E - NUST, _c2018. |
||
| 300 |
_axvi, 20 p. ill ; _c30cm. |
||
| 942 |
_2ddc _cTHE |
||
| 650 |
_aElectrical Engineering (Power) _929071 |
||
| 700 |
_aAsst. Prof. Dr. Kashif Imran. _929072 |
||